Dodaj początek do wyrazu „mistrz”, by utworzyć nowy wyraz. - Statystyki

Ogólne statystyki
  • Ten quiz został rozwiązany 26 razy
  • Średni wynik to 2 z 5
Statystyki odpowiedzi
Odpowiedź % Poprawnych
Arcymistrz
68%
Zegarmistrz
56%
Burmistrz
52%
Rachmistrz
16%
Lutmistrz
4%
Nie znaleziono quizów pasujących do podanych kryteriów
Rozkład punktacji
Procent ludzi z każdym wynikiem
Percentyl według liczby udzielonych odpowiedzi
Twoja historia wyników
Nie rozwiązałeś tego quizu